Aspectos linguísticos de la ciencia / (Record no. 72215)

MARC details
000 -LEADER
campo de control de longitud fija 01017cam a2200325I 4500
001 - NÚMERO DE CONTROL
campo de control 41948
005 - FECHA Y HORA DE LA ÚLTIMA TRANSACCIÓN
campo de control 20230410124147.0
008 - DATOS DE LONGITUD FIJA--INFORMACIÓN GENERAL
campo de control de longitud fija 780103s1973 sp 000 0 spa d
035 ## - NÚMERO DE CONTROL DEL SISTEMA
Número de control de sistema (OCoLC)ocm03527931
040 ## - FUENTE DE CATALOGACIÓN
Centro catalogador/agencia de origen TXO
Centro/agencia transcriptor TXO
Centro/agencia modificador OCL
-- EL$
-- DRFGD
050 14 - SIGNATURA TOPOGRÁFICA DE LA BIBLIOTECA DEL CONGRESO
Número de clasificación B655 A1973
020 ## - NÚMERO INTERNACIONAL ESTÁNDAR DEL LIBRO
Número Internacional Estándar del Libro 8430056653
020 ## - NÚMERO INTERNACIONAL ESTÁNDAR DEL LIBRO
Número Internacional Estándar del Libro 9788430056651
029 1# - OTRO NÚMERO DE CONTROL DE SISTEMA (OCLC)
Identificador de la biblioteca OCLC NLGGC
Número de control de sistema 041541006
035 ## - NÚMERO DE CONTROL DEL SISTEMA
Número de control de sistema (OCoLC)3527931
041 1# - CÓDIGO DE IDIOMA
Código de lengua del texto/banda sonora o título independiente spaeng
050 14 - SIGNATURA TOPOGRÁFICA DE LA BIBLIOTECA DEL CONGRESO
Número de clasificación P 121
Número de ítem B655a 1973
049 ## - FONDOS LOCALES (OCLC)
Biblioteca depositaria GRAL
100 1# - ENTRADA PRINCIPAL--NOMBRE DE PERSONA
Nombre de persona Bloomfield, Leonard,
Fechas asociadas al nombre 1887-1949.
245 10 - MENCIÓN DEL TÍTULO
Título Aspectos linguísticos de la ciencia /
Mención de responsabilidad, etc. Leonard Bloomfield.
260 ## - PUBLICACIÓN, DISTRIBUCIÓN, ETC.
Lugar de publicación, distribución, etc. Madrid :
Nombre del editor, distribuidor, etc. Taller de Ediciones,
Fecha de publicación, distribución, etc. 1973
300 ## - DESCRIPCIÓN FÍSICA
Extensión 130 p.
Dimensiones 18 cm.
440 #0 - MENCIÓN DE SERIE/PUNTO DE ACCESO ADICIONAL--TÍTULO
Título International encyclopedia of unified science,
Designación de volumen o secuencia v. 1, no. 4
504 ## - NOTA DE BIBLIOGRAFÍA, ETC.
Nota de bibliografía, etc. "Seleccion bibliografica": p. 125-27.
650 #0 - PUNTO DE ACCESO ADICIONAL DE MATERIA--TÉRMINO DE MATERIA
Término de materia o nombre geográfico como elemento de entrada Language and languages.
856 ## - LOCALIZACIÓN Y ACCESO ELECTRÓNICOS
Materiales especificados Mas?... busque en WorldCat (solo desde FUNGLODE)
Identificador Uniforme de Recursos <a href="http://www.firstsearch.oclc.org/fsip.">http://www.firstsearch.oclc.org/fsip.</a>
942 ## - ELEMENTOS DE ENTRADA SECUNDARIOS (KOHA)
Fuente del sistema de clasificación o colocación Clasificación de Library of Congress
Tipo de ítem Koha
946 ## - PROCESAMIENTO DE INFORMACIÓN LOCAL (OCLC)
a lmminaya
994 ## -
-- C0
-- DRFGD
Holdings
Estatus retirado Estado de pérdida Fuente del sistema de clasificación o colocación Estado de daño No para préstamo Colección Biblioteca de origen Biblioteca actual Ubicación en estantería Fecha de adquisición Serial enumeration / chronology Signatura topográfica completa Código de barras Visto por última vez Copia número Tipo de ítem Koha
    Clasificación de Library of Congress     Humanidades Biblioteca Juan Bosch Biblioteca Juan Bosch Humanidades (4to. Piso) 10/04/2023 1 B655 A1973 | P 121 B655a 1973 00000042060 25/10/2018 1